000
00261nam a22001217a 4500
008
181008b xxu||||| |||| 00| 0 eng d
041
_a
eng
080
_a
61
100
_a
6
101
_a
ANE
245
_a
Obstetrical Anesthesia
_c
Krieger,R.E
942
_2
udc
_c
BK
999
_c
49001
_d
49001